Представление документа в формате MARC21

Поле Инд. ПП Название Значение
Тип записи a
Библиографический уровень m
001 Контрольный номер 02b4b0b8c2494cd3ab608ee1362338ad
005 Дата корректировки 20260414122733.2
020 c Цена, тираж 260-00
a ISBN 978-5-699-87654-9
040 b Код языка каталог. rus
e Правила каталог. PSBO
041 0_ a Код языка текста rus
084 a Индекс другой классификации/Индекс ББК 84.3Вел
090 a Полочн. индекс 84.3Вел
c Каталожный индекс 84.3Вел
x Авторский знак В 26
091 i Возрастная адресация (DOS) 6+
097 b Оператор ; Кондратьева; Маслова; Кондратьева
100 1_ a Автор Вебб Х.
q Полное имя Вебб Холли
245 10 a Заглавие Щенок Рина, или Таинственное путешествие
b Продолж. заглавия повесть : [6+]
c Ответственность перевод с английского Е. А. Романенко ; иллюстрации С. Вильямс
260 a Место издания Москва
b Издательство Эксмо
c Дата издания 2022
300 a Объем 144 с.
b Иллюстрации/ тип воспроизводства ил.
440 _0 a Серия Добрые истории о зверятах
900 a Имя макрообъекта о15774301
901 t Тип документа m